000 00517nam a2200181 i 4500
001 109023
003 ES-MaACL
005 20230906184748.0
007 t|
008 061121s1971 sp r ||||1| spa d
080 _a860-821"19"
100 1 _aOliver Belmás, Antonio,
_d1903-1968
_986831
245 1 0 _aObras completas de Antonio Oliver (1923-1965).
260 _aMadrid :
_bBiblioteca Nueva,
_c1971.
300 _a916 p. :
_bretr. autor ;
_c22 cm.
852 _aES-MaACL
_jC-38650
999 _c109023
_d109023